000
00455nam a2200181Ia 4500
008
090124s9999 xx 000 0 und d
082
_b
101472
100
_a
रानडे बाळ
245
_a
सांजवात
250
_a
1
260
_c
1937
300
_a
44
600
_a
रानडे बाळ
630
_a
सांजवात
700
_a
रानडे बाळ
730
_a
सांजवात
942
_c
BOOK
999
_c
147564
_d
147564